| 000 | 01233cad a22002295a 4500 | ||
|---|---|---|---|
| 001 | L149639 | ||
| 008 | 100329s2010 xxk f 000 0 eng d | ||
| 035 | _a(Sirsi) u149639 | ||
| 041 | 0 | _aeng | |
| 050 | 0 | 4 | _a338.4569 $2 18 |
| 110 | 2 |
_aConstruction Industry Council _92417 |
|
| 245 | 0 | 4 |
_aThe impact of the recession on construction professional services _ba view from an economic perspective _h[electronic resource] |
| 260 |
_aLondon _bCIC _c2010 |
||
| 520 | _aExamines construction in the current economic environment; the implications for construction professionals and graduates and newly qualified professionals; an abundance of comparative charts and tables; a section on recession mitigation by professional institutes; overview of the measures being undertaken by construction institutions to help members back into employment; RICS and its surveys are referred to; relates the 2005/06 survey to the forecasts. | ||
| 590 | _aKA | ||
| 590 | _aNTK | ||
| 651 | 4 |
_aUnited Kingdom _y |
|
| 690 | _aBUILT ENVIRONMENT | ||
| 710 | 1 |
_aConstructionSkills _95077 |
|
| 856 | 4 | 8 |
_uhttps://www.cic.org.uk/newsevents/ImpactRecessionProfessionals-EconomicPerspective.pdf _z View this item free of charge at www.cic.org.uk |
| 942 | _n0 | ||
| 999 |
_c110570 _d110570 |
||